Normal view
MARC view
- تأليف حسين،طه
Entry Personal Name
001 - CONTROL NUMBER
- control field: 10224
003 - CONTROL NUMBER IDENTIFIER
- control field: JO-AjAnu
005 - DATE AND TIME OF LATEST TRANSACTION
- control field: 20230606071937.0
008 - FIXED-LENGTH DATA ELEMENTS
- fixed length control field: 230606|| aca||aabn | a|a d
040 ## - CATALOGING SOURCE
- Original cataloging agency: JO-AjAnu
- Transcribing agency: JO-AjAnu
100 ## - HEADING--PERSONAL NAME
- Personal name: تأليف حسين،طه
670 ## - SOURCE DATA FOUND
- Source citation: Work cat.: (JO-AjAnu)5266: تأليف حسين،طه, author, حافظ وشوقي